00728nam a2200205 a 450000100100000000500170001000800410002702000180006804000250008608200150011110000400012624500480016626000380021430000210025249000210027350000700029483000280036495201130039299900170050500004088720201002034443.0130910s1999 sp 000 0 spa d a9788432207716 aDO-SdBNPbspacBNPHU axxxxbxxxx1 aSantos, Luis Martínd1924-96731710aTiempo de Silencio /cLuis Martín Santos. aBarcelona, :bSeix Barral,c1999. a286 p. ;c23 cm.1 aBiblioteca breve aIncluye datos biográficos del autor en la solapa de la cubierta 0aBiblioteca breve913442 001050718MOaGRbGRcHDd2013-09-10iLF1l0oxxxx xxxxp40887-10r2020-06-25w2020-06-25y1ZNo se presta c40377d40377